000 00513nam a2200217Ia 4500
003 OSt
005 20220928151627.0
006 a|||||r|||| 00| 0
007 ta
008 220927b |||||||| |||| 00| 0 eng d
024 _a129194
037 _cTextual
040 _aSDCL
_cSDCL
_beng
041 _2eng
_aeng
082 _aP152, L2
100 _aTiwari Bhola Nath
245 0 _aHindi bhasha.
260 _c1972
942 _hP152, L2
_cTEXL
_2CC
999 _c852237
_d852237